Normal view
MARC view
- AL-Amro, Mohammad، Jawad Mahafzah
Entry Personal Name
001 - CONTROL NUMBER
- control field: 3711
003 - CONTROL NUMBER IDENTIFIER
- control field: JO-AjAnu
005 - DATE AND TIME OF LATEST TRANSACTION
- control field: 20230606070918.0
008 - FIXED-LENGTH DATA ELEMENTS
- fixed length control field: 230606|| aca||aabn | a|a d
040 ## - CATALOGING SOURCE
- Original cataloging agency: JO-AjAnu
- Transcribing agency: JO-AjAnu
100 ## - HEADING--PERSONAL NAME
- Personal name: AL-Amro, Mohammad، Jawad Mahafzah
670 ## - SOURCE DATA FOUND
- Source citation: Work cat.: (JO-AjAnu)1935: AL-Amro, Mohammad، Jawad Mahafzah, author, The Effeet of Instructor,s Questions on Classroom Lnteraction From Ajloun National University Students